La Chine et ses frontières (notice n° 1566644)
[ vue normale ]
| 000 -LEADER | |
|---|---|
| fixed length control field | 01428cam a2200133 4500500 |
| 005 - DATE AND TIME OF LATEST TRANSACTION | |
| control field | 20251214002001.0 |
| 041 ## - LANGUAGE CODE | |
| Language code of text/sound track or separate title | fre |
| 042 ## - AUTHENTICATION CODE | |
| Authentication code | dc |
| 100 10 - MAIN ENTRY--PERSONAL NAME | |
| Personal name | Colin, Sébastien |
| Relator term | author |
| 245 00 - TITLE STATEMENT | |
| Title | La Chine et ses frontières |
| 260 ## - PUBLICATION, DISTRIBUTION, ETC. | |
| Name of publisher, distributor, etc. | Armand Colin,<br/> |
| Date of publication, distribution, etc. | 2011.<br/> |
| 520 ## - SUMMARY, ETC. | |
| Summary, etc. | À L'HEURE OÙ LA CHINE S'IMPOSE SUR LA SCÈNE INTERNATIONALE, le pays semble paradoxalement fragilisé à l'échelle de ses frontières et de ses régions frontalières. Lieux de coopérations avec les pays voisins, où la Chine gagne progressivement en influence, celles-ci sont en effet le théâtre de vives tensions. Litiges territoriaux (entre la Chine et l'Inde, dans les mers de Chine orientale et méridionale), proximité de zones de forte instabilité (Corée du Nord, Birmanie, Asie centrale), épineuses questions de Taiwan, du Xinjiang et surtout du Tibet ne cessent ainsi d'interroger et de remettre en question la puissance et l'unité même de la nation chinoise. Après un retour sur le long processus de délimitation frontalière, cet ouvrage éclairant analyse le défi majeur que représente aujourd'hui pour la Chine la sécurisation de ses frontières et de son environnement régional. Car derrière ces enjeux nationaux et internationaux, c'est bien son destin géopolitique qui est en train de se jouer. |
| 856 41 - ELECTRONIC LOCATION AND ACCESS | |
| Uniform Resource Identifier | <a href="https://shs.cairn.info/la-chine-et-ses-frontieres--9782200255039?lang=fr&redirect-ssocas=7080">https://shs.cairn.info/la-chine-et-ses-frontieres--9782200255039?lang=fr&redirect-ssocas=7080</a> |
Pas d'exemplaire disponible.




Réseaux sociaux